[Event "Olympiad-33"]
[Site "Elista"]
[Date "1998.10.03"]
[Round "5.1"]
[White "Lautier, Joel"]
[Black "Onischuk, Alexander"]
[Result "0-1"]
[WhiteElo "2625"]
[BlackElo "2630"]
[Annotator "Mikhalevski,V"]
[PlyCount "64"]
[EventDate "1998.09.29"]
[EventType "team-swiss"]
[EventRounds "13"]
[EventCountry "RUS"]
[SourceTitle "CBM 068"]
[Source "ChessBase"]
[SourceDate "1999.02.01"]
[SourceVersion "1"]
[SourceVersionDate "1999.02.01"]
[SourceQuality "1"]
[WhiteTeam "France"]
[BlackTeam "Ukraine"]
[WhiteTeamCountry "FRA"]
[BlackTeamCountry "UKR"]

1. e4 e5 2. Nf3 Nc6 3. d4 exd4 4. Nxd4 Bc5 5. Nxc6 Qf6 6. Qd2 dxc6 7. Nc3 {
First key position has arised.Black has to choose between usual 7...Ne7,7...
Be6 and becoming fasnionable 7...Qe7.} Ne7 {Black chooses the old continuation
with a new idea in mind.} (7... Qe7 {line has been gaining popularity after
Rublevsky-Morozevich,07.1998.It looks very logical and can become real
headache for white.} 8. Bd3 (8. Qg5 Bd4 (8... Nf6 9. Be3 Bd6 10. Bd4 Rg8 11.
O-O-O Be6 12. e5 Nd5 13. Ne4 Qxg5+ 14. Nxg5 Be7 15. Nxe6 fxe6 16. c4 Nb4 17. a3
c5 18. Be3 Nc6 19. f4 $14 {1/2-1/2 Mellado Trivino,J-Korneev,O/Elgoibar ESP
1998 (51)}) 9. Qxe7+ Nxe7 10. Bf4 f5 11. O-O-O Bxc3 12. Bxc7 Bd7 13. bxc3 fxe4
14. Re1 O-O 15. Bd6 Rf7 16. Rxe4 Nd5 17. c4 {1/2-1/2 Van der Wiel,J-Korneev,O/
Elgoibar ESP 1998 (17)}) 8... Nf6 9. O-O (9. Qg5 h6 10. Qg3 g5 11. h4 Nh5 12.
Qf3 g4 13. Qe2 Qe5 14. g3 Bd4 15. Nd1 Be6 16. c3 Bb6 17. Ne3 O-O-O 18. Bc2 Rhg8
19. a4 a5 20. Rg1 Kb8 21. Bd2 Nf6 22. Ng2 Bc4 {0-1 Landa,K-Ibragimov,I/ch-RUS,
St Petersburg RUS 1998 (22)}) 9... O-O 10. Qg5 h6 11. Qg3 (11. Qh4 Ng4 12. Qxe7
Bxe7 13. Bf4 {1/2-1/2 Baklan,V-Malaniuk,V/Donetsk UKR 1998 (13)}) 11... Nh5 12.
Qf3 Qh4 13. Be2 Nf6 14. e5 Nd7 15. Qf4 Qe7 16. Qg3 Kh8 17. Bf4 g5 18. Qh3 Kg7
19. e6 Nb6 20. Qg3 Bxe6 21. Ne4 Nd5 22. Bxg5 hxg5 23. Nxc5 f6 24. Nxe6+ Qxe6
25. Bc4 Rae8 26. Rad1 Nf4 27. Qxf4 gxf4 28. Bxe6 Rxe6 29. Rd7+ Rf7 30. Rfd1
Re1+ 31. Rxe1 Rxd7 32. Kf1 Kf7 33. Re4 f3 34. gxf3 Rd1+ 35. Ke2 Rb1 36. Rb4 b5
37. Rb3 a5 38. Kd2 Ke6 39. Re3+ Kd6 40. Rd3+ Kc5 41. a3 Rh1 42. Rc3+ Kb6 43.
Re3 {1/2-1/2 Rublevsky,S-Morozevich,A/Russian Club Cup, Maikop RUS 1998 (43)})
(7... Be6 $5 8. Na4 Rd8 9. Bd3 Bd4 10. O-O b5 11. Nc3 Nh6 12. a4 a6 13. Qf4 Ng4
14. Qxf6 gxf6 15. Ne2 Bb6 16. Nf4 h5 17. h3 Ne5 18. Be2 h4 19. Kh2 Bc4 20. b3
Bxe2 21. Nxe2 Rg8 22. f3 {1/2-1/2 Shaked,T-Spassky,B/Hoogeveen NED 1998 (22)})
8. Qf4 Qxf4 $146 {[%mdl 8] In according to my database this is a novelty.} ({
Black usually played} 8... Be6) ({or} 8... Ng6) 9. Bxf4 Bd6 (9... Bb6 {is
another possibility,but it obviously wasn't Onischuk's idea when he took on f4.
}) 10. Bxd6 {White transfers his adge from an extra pawn on the king side into
weak pawn on the open file.Another option was to keep bishops.} cxd6 11. O-O-O
{[%csl Rd6]} Kd7 {[%cal Gd7c7]} 12. Bc4 f6 (12... Kc7 $2 {is bad because of}
13. Bxf7 Rf8 14. Bb3 $1 ({but not} 14. Bh5 Rxf2 15. Bf3 (15. Rhf1 Rxf1 (15...
Rxg2 $5) 16. Rxf1 Be6) 15... Ng6 $1) 14... Rxf2 15. Rhf1 $1 Rxg2 16. Rf7 Kd7
17. e5 $1 d5 (17... Rg6 18. exd6 Rxd6 19. Re1 $18) 18. Bxd5 $1 cxd5 19. Nxd5
$18) (12... f5 {looks premature.} {Now both} 13. exf5 {and 13.Rhe1 are
dangerous for black.}) 13. Ne2 $6 {As the game shows this move is a serious
inaccuracy.Now Black has enough time to develop his pieces in a normal way.} (
13. Rd2 $142 {[%cal Gh1d1] preparing Rhe1 is much stronger.The fact that black
has to put the "wrong" rook on d8 and the developing is much more difficult is
already a good sign.}) 13... Kc7 14. Nf4 Ng6 $1 {This is the reason.} 15. Nh5
$5 {[%mdl 512] A dangerous decision.White had a chance to recognize that the
plan Nc3-e2-f4 wasn't good and agree with equalizing,but the text is so
tempting!} (15. Nxg6) (15. Ne2) 15... Bg4 {Black has to accept the sacrifice.}
16. Nxg7 Bxd1 17. Rxd1 b5 $5 18. Bb3 (18. Be6 {[%csl Rd6][%cal Ge6f5,Gg7e6]} h5
$1 {[%cal Gh8h7]} (18... Nf4 19. g3 $1 Nxe6 20. Nxe6+) 19. Bf5 Nf4 $1 20. g3
Rag8) 18... Ne5 19. Be6 {[%cal Ge6f5,Gg7e6]} (19. Ne6+ $5) 19... h5 $1 {
[%cal Gh8h7]} 20. Bf5 Rag8 21. Ne6+ Kb6 22. g3 $6 (22. Bh3 $5 Nf7 {[%cal Gf7g5]
} 23. f4) (22. f4 Nc4 23. Bh3 d5 $1 24. exd5 Ne3 $11 {[%csl Ge6]}) 22... h4 $1
{Now black gets strong counterplay that decide the game in only ten moves,but
not without white's help.} 23. b3 $1 (23. Rxd6 hxg3 24. hxg3 Rh2 $1 (24... Rh1+
25. Rd1 (25. Kd2 $4 Nc4+) 25... Rxd1+ (25... Rh2 $142 $5) 26. Kxd1 $11) 25. f4
(25. Rd2 Nc4 26. Re2 $140 $4 Rh1+) 25... Nc4 $19 {[%cal Gg8g3]}) 23... hxg3 24.
hxg3 Rh2 25. f4 (25. Rd2 Nf3 26. Rxd6 (26. Re2 Rxg3) 26... Rxf2 27. g4 (27. Nd8
Ne5) 27... Rh8 $19 {[%cal Gh8h2]}) 25... Nf7 (25... Ng4 $6 {[%cal Gg4e3]} 26.
Rxd6 (26. Bxg4 Rxg4 27. Rxd6 Rxg3 28. Nd4 Kc5 29. e5 fxe5 30. fxe5 $13) 26...
Ne3 27. Nd4 Kc5 28. e5 fxe5 29. fxe5 Rxg3 30. Be4 Kb4 31. Nf3 $1 $13 (31. Nxc6+
$2 Ka3 {[%cal Gg3g1]} 32. Rg6 Ng4 $1 33. Rd6 Rg1+ 34. Rd1 Rxd1+ 35. Kxd1 Nf2+
$19)) 26. g4 Rf2 {[%cal Gg8h8,Gh8h2]} (26... b4 $5) 27. Kb1 (27. Rh1 $5 b4 $1 {
[%cal Gf7d8]} (27... Nd8 28. Nxd8 Rxd8 29. Rh6 Rf8 (29... Rxf4 30. Rxf6 {
[%cal Gg4g5]}) 30. g5 $132) 28. Rh7 Nd8 29. Nxd8 Rxd8 {[%cal Gb6c5,Gc5d4,Gd4c3]
}) (27. Rd2 $5) 27... Rh8 28. Bg6 (28. g5 $5 Rhh2 $1 (28... fxg5 29. fxg5 Rhh2
30. g6 Nh6) 29. g6 Nh6) 28... Nd8 29. Rxd6 $2 {[%mdl 8192] loses by force.} (
29. Nxd8 Rxd8 30. e5 {was necessary and win is a matter of a big work if it's
possible.}) 29... Nxe6 30. Rxe6 Rh1+ 31. Kb2 b4 $1 {[%cal Gf2f1,Gf1b1]} 32. e5
Rff1 (32... Rff1 33. c4 Rf2+ 34. Bc2 Rhh2 35. Kb1 Rxc2 {and mate is a matter
of few moves.}) 0-1

[Event "Ankara FIDE GP (Women)"]
[Site "Ankara"]
[Date "2012.09.22"]
[Round "6"]
[White "Muzychuk, Anna"]
[Black "Yildiz Kadioglu, Betul Cemre"]
[Result "1-0"]
[WhiteElo "2606"]
[BlackElo "2341"]
[Annotator "Miroshnichenko,E"]
[PlyCount "259"]
[EventDate "2012.09.16"]
[EventType "tourn"]
[EventRounds "11"]
[EventCountry "TUR"]
[EventCategory "10"]
[SourceTitle "CBM 151"]
[Source "ChessBase"]
[SourceDate "2012.11.13"]
[SourceVersion "1"]
[SourceVersionDate "2012.11.13"]
[SourceQuality "1"]

1. e4 e5 2. Nf3 Nc6 3. d4 exd4 4. Nxd4 Bc5 5. Nxc6 Qf6 6. Qf3 dxc6 7. Nc3 Be6
8. Qg3 O-O-O 9. Be3 Bxe3 10. Qxe3 Kb8 11. f4 Ne7 12. Bd3 Rhe8 13. O-O Bc8 14.
Qf2 Qd4 {There's nothing wrong with this move objectively. However Anna is
known for her ability to squeeze a win out of nowhere in the endgame, so} ({
Black could try to keep the queens and fight for initiative with} 14... g5 15.
f5 (15. fxg5 Qxg5 16. Qxf7 Rg8 17. g3 Ng6) 15... Ng8 $5 {, preparing Qe5 and
Nf6.}) 15. a3 c5 16. Rad1 a6 17. Be2 Qxf2+ 18. Kxf2 Nc6 19. Rxd8 Rxd8 20. Rd1
Rd4 21. Ke3 f6 22. Bf3 Be6 23. Rd2 Kc8 24. h4 Rxd2 25. Kxd2 Nd4 26. Bd1 Kd7 27.
Ne2 ({White could try to keep the knights on the board with} 27. Nb1 $5 {
which normaly offers her more chances to prove the advantage. So Black had to
find} Ba2 $1 {(quite an obvious move, to be honest)} 28. Nc3 Be6 $11) 27...
Nxe2 28. Bxe2 Kd6 29. Kc3 Bd7 30. Bc4 Bc6 {During the game no-one in our
pressroom really believed Black's fortress could be ruined here. However Anna
managed to do so (with the little help of her opponent of course). This
monster game lasted for hundred more moves...} 31. Kd3 h6 32. Ke3 Ba4 33. c3
Bc6 34. Be2 Bd7 35. Bh5 Ba4 36. Kf2 b6 37. Kg3 a5 38. Be2 Bd7 39. Kf3 Bc6 40.
Ke3 Bd7 41. g4 Be8 42. Bc4 Bd7 43. Be2 Be8 44. Bd1 Bd7 45. Bf3 Be8 46. Be2 Bd7
47. Kf3 Bc6 48. Bc4 Bb7 49. Bf7 Bc6 50. Bg6 Bd7 51. Bh7 Bc6 52. Bf5 Be8 53. Ke3
Bc6 54. g5 Ba4 (54... fxg5 55. e5+ Ke7 56. fxg5 hxg5 57. hxg5 Bd5 {and I don't
see any chance to break through for White.}) 55. Bg4 Bc6 56. Be2 Be8 57. Bc4
Bh5 58. Kf2 Be8 59. Kf3 Bh5+ 60. Kg3 Bd1 61. gxh6 gxh6 62. Bf1 Bh5 63. Bg2 Be8
64. Kg4 Ke6 65. Bf1 b5 66. Be2 h5+ $6 67. Kf3 Kd6 68. Bf1 Bd7 69. Kg3 Bc6 70.
Bg2 Bd7 71. Bh3 Bc6 72. Bf5 Be8 73. Kf3 Bf7 74. Ke3 Be8 75. Bh7 b4 76. Bg8 Bd7
77. Bf7 Bg4 78. Bg6 Ke6 79. Kd2 Kd6 80. Kd3 Bf3 81. Bf5 Bd1 82. Ke3 Ba4 83. Kd2
Be8 84. Kd3 Bb5+ 85. Ke3 Be8 86. Kd2 Bf7 87. Kd3 Bb3 88. Bh3 Bd1 89. Bf1 Bb3
90. Be2 Bf7 91. Bf3 c6 92. Ke3 Be8 93. Be2 Bf7 94. Kf2 Bg6 95. Bf3 Bf7 96. Kg3
Be8 97. Bg2 Bf7 98. Bh3 Bb3 99. Kf2 Bd1 100. Ke3 Bb3 101. Kd2 Bf7 102. Bc8 Bc4
103. Bf5 Bf7 104. Bh7 Be6 105. Bg6 Bg4 106. Ke3 Bd1 107. Be8 Bg4 108. Bf7 Ke7
109. Bc4 Bd7 110. axb4 cxb4 111. cxb4 axb4 112. Kd4 Kd6 113. e5+ fxe5+ 114.
fxe5+ Ke7 115. Kc5 Be6 116. Kxb4 Bg4 117. Kc5 Bf3 118. b4 Kd7 119. Bf7 Ke7 120.
e6 Bg2 121. Bxh5 Kxe6 122. Be8 Bf1 123. Bxc6 Kf6 124. Bd5 Be2 125. Bc4 Bg4 126.
Kd6 Bf3 127. b5 Be4 128. b6 Bb7 129. Kc7 Be4 130. Bb5 1-0

[Event "World Women-ch k.o."]
[Site "Teheran"]
[Date "2017.02.18"]
[Round "3.2"]
[White "Ni, Shiqun"]
[Black "Pogonina, Natalija"]
[Result "1-0"]
[WhiteElo "2399"]
[BlackElo "2487"]
[Annotator "Moradiabadi,E"]
[PlyCount "153"]
[EventDate "2017.02.11"]
[EventType "k.o."]
[EventRounds "7"]
[EventCountry "IRI"]
[SourceTitle "CBM 177"]
[Source "ChessBase"]
[SourceDate "2017.03.16"]
[SourceVersion "1"]
[SourceVersionDate "2017.03.16"]
[SourceQuality "1"]

1. e4 e5 2. Nf3 Nc6 3. d4 $5 {Ni Shiqun plays the Scotch, a demonstration of
willingness to fight and not go for an easy draw!} exd4 4. Nxd4 Bc5 {Pogonina
plays it safe!} 5. Nb3 $5 {Interesting choice by Shiqun! This is the most
ambitious move in terms of opening strategy!} Bb6 6. Nc3 Nge7 7. Qe2 O-O 8. Be3
Bxe3 $6 (8... d6 9. O-O-O f5 {is the most common approach and makes more sense
than Pogonina's passive choice.}) 9. Qxe3 d6 10. O-O-O a6 (10... a5 11. Bb5 Be6
12. Nc5 Bg4 13. f3 Qc8 14. Nd3 Be6 15. Nf4 {with a good advantage for White.})
11. f4 Qe8 $6 {An odd move!} 12. Bd3 b5 13. Rhe1 Bd7 14. Kb1 Kh8 {[#] White
has more space and all of her pieces are centralised. Therefore, it is easy to
deduce that White has a very big advantage.} 15. Qf3 Qc8 16. h3 b4 17. Nd5 a5
18. Nxe7 Nxe7 19. e5 Ng6 20. Nc1 a4 21. Qe4 $6 {This gives away most of
White's advantage.} (21. g4 $1 {was expected!}) 21... Rb8 22. exd6 cxd6 23. Qd4
Bf5 (23... a3 {was necessary.}) 24. g4 Bxd3 25. Rxd3 (25. Nxd3 b3 26. cxb3 axb3
27. a3 Qc2+ 28. Ka1 {and White is much better.}) 25... f5 26. g5 Qc5 27. Re6
Rbc8 28. Rd2 Qc4 29. Rxd6 Nxf4 30. h4 Nh5 31. b3 axb3 32. axb3 Qc3 33. Ne2 Qf3
(33... Qh3 {might have saved Black.}) 34. Rd8 Rcxd8 35. Qxd8 Kg8 36. Qe7 {
White is slightly better but the dramatic turn of events in time pressure
makes the ending so different!} Qh1+ $2 (36... Qe4 {should hold the balance.})
37. Kb2 Qa8 38. Rd7 (38. Qxb4 {would have won a pawn and probably the game.})
38... Qe8 39. Nd4 f4 (39... Qxe7 40. Rxe7 f4 41. Nf3 Rb8 {should be a kind of
endgame Black can hold.}) 40. Nf3 Qc8 $4 {The infamous fortieth move! Black
could still try to make a draw.} 41. Rc7 Qd8 42. Qe6+ Kh8 43. Qc4 {White is
winning now.} Qd6 44. Rc8 g6 45. Rc7 Ng7 46. Rb7 Rb8 47. Ra7 Rf8 48. Qb5 Rb8
49. Qc4 Rf8 50. Rc7 Nf5 51. Rc5 $6 Rb8 $6 (51... Ne3) 52. Rd5 Qb6 53. Rd7 (53.
Qxf4) 53... Qe3 54. Qc7 Rf8 55. Rd3 Qe7 56. Qxe7 Nxe7 57. Rd4 {Finally! White
has a winning endgame!} h6 $2 {This makes things much easier for White!} 58.
Rxb4 hxg5 59. hxg5 Nd5 60. Rd4 Ne3 61. c4 Ng2 62. c5 Re8 63. Kc3 Kg8 64. b4 Ra8
65. c6 Kf7 66. b5 Ke6 67. Kb4 Ne3 68. Kc5 Ra1 69. Rxf4 Rc1+ 70. Kd4 Nf5+ 71.
Kd3 Kd5 72. Rb4 Nd6 73. Nd2 Rc5 74. Ne4 Nxe4 75. Rd4+ Ke5 76. Rxe4+ Kf5 77. Rc4
1-0

[Event "Olympiad-35"]
[Site "Bled"]
[Date "2002.11.01"]
[Round "7.1"]
[White "Movsesian, Sergei"]
[Black "Georgiev, Kiril"]
[Result "1-0"]
[WhiteElo "2651"]
[BlackElo "2658"]
[Annotator "Movsesian,S"]
[PlyCount "213"]
[EventDate "2002.10.26"]
[EventType "team-swiss"]
[EventRounds "14"]
[EventCountry "SLO"]
[SourceTitle "EXT 2003"]
[Source "ChessBase"]
[SourceDate "2002.11.25"]
[SourceVersion "1"]
[SourceVersionDate "2002.11.25"]
[SourceQuality "1"]
[WhiteTeam "Slovakia"]
[BlackTeam "Macedonia"]
[WhiteTeamCountry "SVK"]
[BlackTeamCountry "MKD"]

1. e4 e5 2. Nf3 Nc6 3. d4 exd4 4. Nxd4 Bc5 5. Be3 Qf6 6. c3 Nge7 7. Bc4 Ne5 8.
Be2 Qg6 9. O-O d6 10. f3 O-O 11. Kh1 f5 $5 {An unusual idea in this position.}
({Much more tested is} 11... d5) 12. Nd2 fxe4 13. Qb3+ $1 {The best way to
connect rooks and bring some disharmony to black's position} (13. Nxe4 Bb6 $11)
(13. fxe4 Rxf1+ {and white has to take back with the queen} 14. Qxf1 Bg4 $11 {
and black has no problems}) 13... Qf7 (13... Kh8 14. fxe4 $14) 14. Nxe4 Bb6 15.
f4 Ng4 16. Bg1 Bd7 (16... Qxb3 17. axb3 $14 {with a pleasant position for white
}) 17. Qd1 $5 Qg6 $2 (17... Nh6 18. Ng5 Qf6 19. Bd3 $14) 18. f5 $1 Bxf5 19.
Nxf5 Rxf5 20. Rxf5 Qxf5 21. Nxd6 cxd6 (21... Nf2+ 22. Bxf2 Qxf2 23. Qb3+ $18)
22. Bxg4 Qf6 23. Bxb6 axb6 24. Bf3 $16 d5 25. Bxd5+ Nxd5 26. Qxd5+ Qf7 27. Qd4
h6 28. Qxb6 (28. a3 Qb3 29. Qd2 $16 {was probably also good}) 28... Rxa2 29.
Rxa2 Qxa2 30. h3 {The endgame is technically winning for white.After securing
the pawn structure on both sides, white king's march on queen's side will
decide. All this will take some time, but especially in new time control there
is no need to hurry.} Qd5 31. b4 Kh7 32. Kg1 Qd1+ 33. Kh2 Qe2 34. Qd4 b5 35.
Qf4 Kg8 36. Qf3 Qe5+ 37. Qg3 Qe2 38. Qf4 Kh7 39. h4 Kg8 40. Qf3 Qc4 41. Kg3 h5
42. Kh3 Qe6+ 43. Kh2 Qe5+ 44. Qg3 Qe2 45. Qg5 Kf7 46. Qd5+ Kf6 47. Qd8+ Kf7 48.
Qc7+ Kg8 49. Qf4 Kh7 50. Qf3 Qe5+ 51. g3 Kg8 52. Kg2 g6 53. Qd3 Kh7 54. Kf2
Qf6+ 55. Qf3 Qe7 56. Qf4 Qa7+ 57. Ke2 Qa2+ 58. Kf3 Qd5+ 59. Ke3 Qe6+ 60. Qe4
Qb6+ 61. Ke2 Qc7 62. Qd3 Qc6 63. Kd2 Kg7 64. Kc2 Qa6 65. Qd7+ Kf6 66. Qd5 Ke7
67. Kd3 Qa1 68. Qe5+ Kf7 69. Kd4 Qa7+ 70. Kd5 Qb6 71. Qd6 Qa7 72. Kc6 Qa6+ 73.
Kc5 Qc8+ 74. Qc6 Qb8 75. Qd7+ Kg8 76. Qd6 Qe8 77. Qc6 Qe3+ 78. Kxb5 Qxg3 79.
Qf6 Qb8+ 80. Kc4 Qc8+ 81. Kd5 $6 {Wrong direction.} ({Easily winning was} 81.
Kb3 $18) 81... Qd7+ 82. Ke5 Qb5+ 83. Kf4 Kh7 84. Qe7+ Kg8 85. Qe5 Qd7 86. Qd4 (
86. Kg5 $2 Kh7) 86... Qf5+ 87. Kg3 Qf1 88. Qd8+ Kg7 89. Qe7+ Kg8 90. Qe6+ Kg7
91. Qe3 Qb1 92. Qd4+ Kf7 93. Kf4 Qf5+ 94. Ke3 Qh3+ 95. Ke2 Qe6+ 96. Kd3 Qf5+
97. Qe4 Qf1+ 98. Kc2 Qa1 99. Qc4+ Kg7 100. b5 g5 101. Qc7+ Kg6 102. Qd6+ Kf5
103. Qd5+ Kf4 104. Qxg5+ Ke4 105. Qg6+ Ke3 106. Qa6 $1 {A nice final.} Qh1 107.
Qh6+ 1-0

[Event "EU-Cup 23rd"]
[Site "Kemer"]
[Date "2007.10.06"]
[Round "4.3"]
[White "Movsesian, Sergei"]
[Black "Bacrot, Etienne"]
[Result "1-0"]
[WhiteElo "2670"]
[BlackElo "2695"]
[Annotator "Movsesian,S"]
[PlyCount "59"]
[EventDate "2007.10.03"]
[EventType "team-swiss"]
[EventRounds "7"]
[EventCountry "TUR"]
[SourceTitle "CBM 121"]
[Source "ChessBase"]
[SourceDate "2007.11.14"]
[SourceVersion "1"]
[SourceVersionDate "2007.11.14"]
[SourceQuality "1"]
[WhiteTeam "Sarajevo Bosna"]
[BlackTeam "Baden-Baden"]
[WhiteTeamCountry "BIH"]
[BlackTeamCountry "GER"]

1. e4 e5 2. Nf3 Nc6 3. d4 exd4 4. Nxd4 Bc5 5. Be3 Qf6 6. c3 Nge7 7. Bc4 Ne5 8.
Be2 Qg6 9. O-O O-O $6 {Bacrot really took his time in the opening, probably
trying to avoid some line or other. Finally he made this move, which is not
considered to be the most accurate one.} ({After} 9... d6 {I wanted to play
the line, which appeared in the last round of the tournament} 10. Kh1 Qxe4 11.
Nd2 Qg6 12. Nb5 O-O 13. Nxc7 Rb8 14. Bh5 Qf5 15. f4 $5 Bxe3 16. fxe5 Qxe5 17.
Nc4 Qc5 18. Nxe3 Qxe3 19. Re1 Qg5 20. Qxd6 Qxh5 21. Rxe7 $14 {
Movsesian-Grischuk, ECC Kemer (7) 2007}) 10. Nd2 d5 11. Bh5 Qd6 12. f4 N5c6 13.
e5 Qh6 14. N2b3 Bb6 15. Qe2 $5 {This move is probably better, then} (15. Qf3
Nf5 16. Bf2 Nfxd4 17. Nxd4 Nxd4 18. Bxd4 Bf5 19. Bg4 Be4 20. Qe3 {0,5
Pavasovic-Gostisa, Slovenia (tch) 2006}) 15... Nf5 16. Nxf5 Bxf5 17. Nd4 Bd3 $2
{This is just a blunder.} (17... Bxd4 18. cxd4 Nb4 19. Rad1 $5 Bd3 20. Rxd3
Nxd3 21. f5 Qa6 22. f6 {looks very dangerous for Black.}) (17... Nxd4 18. cxd4
$16) 18. Bxf7+ {Simply winning a pawn. Black has no compensation, so White
just has to make a couple of accurate moves...} Rxf7 19. Qxd3 Re8 20. Rf3 Rff8
21. Raf1 Qg6 22. f5 Qf7 (22... Nxe5 23. fxg6 Nxd3 24. Rxf8+ Rxf8 25. Rxf8+ Kxf8
26. gxh7 $18) 23. e6 Qf6 24. Nxc6 bxc6 25. Bd4 Rb8 26. R1f2 Qh6 27. Bxb6 axb6
28. Qd4 Rbe8 29. Qa4 c5 30. Qd7 1-0

[Event "EU-Cup 21st"]
[Site "Saint Vincent"]
[Date "2005.09.22"]
[Round "5.4"]
[White "Brunello, Sabino"]
[Black "Gunnarsson, Arnar"]
[Result "0-1"]
[WhiteElo "2373"]
[BlackElo "2438"]
[Annotator "Mueller,Karsten"]
[PlyCount "162"]
[EventDate "2005.09.18"]
[EventType "team-swiss"]
[EventRounds "7"]
[EventCountry "ITA"]
[SourceTitle "CBM 110"]
[Source "ChessBase"]
[SourceDate "2006.01.31"]
[SourceVersion "1"]
[SourceVersionDate "2006.01.31"]
[SourceQuality "1"]
[WhiteTeam "Penne"]
[BlackTeam "Reykjavik CC"]
[WhiteTeamCountry "ITA"]
[BlackTeamCountry "ISL"]

1. e4 e5 2. Nf3 Nc6 3. d4 exd4 4. Nxd4 Bc5 5. Be3 Qf6 6. c3 Nge7 7. Bc4 b6 8.
O-O Bb7 9. f4 O-O-O 10. b4 Bxd4 11. cxd4 Nxb4 12. d5 Kb8 13. Bd4 Qg6 14. Nc3
Nbc6 15. Be3 Na5 16. Be2 f5 17. e5 d6 18. e6 c6 19. Re1 cxd5 20. Bh5 Qh6 21.
Nb5 Nc4 22. Bc1 Qf6 23. Rb1 Nc8 24. Bf3 a6 25. Na3 Qe7 26. Bxd5 Nxa3 27. Bxa3
Rhe8 28. Bb2 g6 29. a4 Bxd5 30. Qxd5 Qb7 31. Qd3 d5 32. Bf6 Rd6 33. Be5 Rexe6
34. Bxd6+ Rxd6 35. Qd4 a5 36. Rb5 Qc6 37. Rd1 Na7 38. Rb3 Kb7 39. Re1 Ka6 40.
Rc3 Qd7 41. Rb1 Rc6 42. Rcb3 Qd6 43. Rb5 Qc7 44. Rxd5 Rc1+ 45. Rxc1 Qxc1+ 46.
Kf2 Qc2+ 47. Kg3 Nc6 48. Qe3 Qc4 49. Rd6 Qxa4 50. Qe6 Qa3+ 51. Kh4 Qc1 52. Kg5
Kb5 53. Qe2+ Kc5 54. Rd2 Nb4 55. Qe5+ Kc6 56. Qe8+ Kb7 57. Rd7+ Ka6 58. Rxh7
Qd1 59. Qa8+ Kb5 60. Qe8+ Ka6 61. Kxg6 Qg4+ 62. Kf7 Qxf4 63. Qe2+ Kb7 64. Kf6+
Kc6 65. Qe8+ Kc5 66. Qe5+ Qxe5+ 67. Kxe5 {Es folgt ein spannendes Wettrennen,
bei dem der schwarze Vorsprung im Bauernwettrennen gerade so zum Remis zu
reichen scheint:} a4 68. Kxf5 Nc6 69. Rh3 b5 70. Ra3 Kb4 71. Ra1 a3 72. h4 Ka4
73. h5 Ne7+ 74. Kf6 b4 75. Kxe7 b3 76. h6 b2 77. Rh1 a2 78. h7 a1=Q 79. h8=Q
Qa3+ 80. Ke6 Qb3+ 81. Kd6 Qd3+ {Diese Stellung ist vermutlich remis, z.B.} (
81... Qd3+ 82. Ke5 Qe2+ 83. Kf6 Qf2+ 84. Ke6 Qb6+ 85. Kd5 Qb5+ 86. Kd4 Qb6+ 87.
Kc3 Qb4+ 88. Kc2 b1=Q+ 89. Rxb1 Qe4+ 90. Kc3 Qe3+ 91. Kc4 Qe2+ 92. Kc5 Qc2+ 93.
Kd6 Qd3+ $11 {Hat Weiß die Zeit überschritten?}) 0-1

[Event "EU-ch 6th"]
[Site "Warsaw"]
[Date "2005.06.23"]
[Round "6"]
[White "Nataf, Igor Alexandre"]
[Black "Sargissian, Gabriel"]
[Result "1/2-1/2"]
[WhiteElo "2559"]
[BlackElo "2630"]
[Annotator "Mueller,Karsten"]
[PlyCount "112"]
[EventDate "2005.06.18"]
[EventType "swiss"]
[EventRounds "13"]
[EventCountry "POL"]
[SourceTitle "CBM 108"]
[Source "ChessBase"]
[SourceDate "2005.09.26"]
[SourceVersion "1"]
[SourceVersionDate "2005.09.26"]
[SourceQuality "1"]

1. e4 e5 2. Nf3 Nc6 3. d4 exd4 4. Nxd4 Bc5 5. Nxc6 Qf6 6. Qf3 dxc6 7. Bc4 Ne7
8. Nd2 Ng6 9. Qxf6 gxf6 10. Nb3 Bb6 11. a4 a5 12. Bd2 Rg8 13. Bc3 Ne5 14. Bf1
Be6 15. Nd4 O-O-O 16. Nxe6 fxe6 17. Bxe5 fxe5 18. f3 Bd4 19. Rb1 b5 20. axb5
cxb5 21. g3 c6 22. Bh3 Kd7 23. c3 Bb6 24. Rd1+ Ke7 25. Rxd8 Rxd8 26. Ke2 a4 27.
Ra1 h5 28. f4 h4 29. f5 hxg3 30. hxg3 Rh8 31. Rh1 c5 32. Bg2 Rxh1 33. Bxh1 c4
34. f6+ Kxf6 35. Kd2 Bf2 36. Bg2 Bxg3 37. Bh3 Ke7 38. Kc2 Kd6 39. Bg4 Bf2 40.
Bh5 Ke7 41. Bg6 Bc5 42. Bh5 a3 43. bxa3 Bxa3 44. Bg4 Bc5 45. Bh3 Bf2 46. Bg4
Bh4 47. Bh3 Kd6 48. Bg4 Be1 49. Bh3 Bxc3 $5 {[%mdl 4096] Ein letzter Versuch,
der aber nicht durchschlägt:} 50. Kxc3 Kc5 51. Bxe6 b4+ 52. Kc2 Kd4 53. Bd5 c3
(53... b3+ 54. Kd2 c3+ 55. Kc1 b2+ 56. Kc2 Ke3 57. Ba2 $11) 54. Bc6 b3+ 55.
Kxb3 Kd3 {[%tqu "De","Weiß zieht und hält remis.","","","c6a4","",3]} 56. Ba4
$1 Kxe4 (56... c2 57. Kb2 $11) 1/2-1/2